Plasma astrophysics (Record no. 3137)

MARC details
000 -LEADER
fixed length control field 00938nam a2200229Ia 4500
003 - CONTROL NUMBER IDENTIFIER
control field IN-BaIIA
008 - FIXED-LENGTH DATA ELEMENTS--GENERAL INFORMATION
fixed length control field 211028s9999 xx 000 0 eng d
040 ## - CATALOGING SOURCE
Transcribing agency IIA Library
080 ## - UNIVERSAL DECIMAL CLASSIFICATION NUMBER
Universal Decimal Classification number 063:53
Item number ENF-39.1
111 ## - MAIN ENTRY--MEETING NAME
Meeting name or jurisdiction name as entry element Conference of International School of Physics "Enrico Fermi"
Location of meeting Italy
Date of meeting or treaty signing 1966 July 11-30
9 (RLIN) 5568
245 #0 - TITLE STATEMENT
Title Plasma astrophysics
Remainder of title proceedings of the International School of Physics "Enrico Fermi" Uarenna on Lake Como Villa Monastero 11th - 30th July 1966
Statement of responsibility, etc. edited by Sturrock P. A.
260 ## - PUBLICATION, DISTRIBUTION, ETC.
Place of publication, distribution, etc. New York
Name of publisher, distributor, etc. Academic Press
Date of publication, distribution, etc. 1967
300 ## - PHYSICAL DESCRIPTION
Extent xvi, 364p.
490 ## - SERIES STATEMENT
Series statement International School of Physics "Enrico Fermi" Course v. 39
650 ## - SUBJECT ADDED ENTRY--TOPICAL TERM
Topical term or geographic name entry element Astronomy and Astrophysics Thesaurus
650 ## - SUBJECT ADDED ENTRY--TOPICAL TERM
Topical term or geographic name entry element Astrophysics
9 (RLIN) 794
650 ## - SUBJECT ADDED ENTRY--TOPICAL TERM
Topical term or geographic name entry element Plasma Astrophysics
9 (RLIN) 3786
650 ## - SUBJECT ADDED ENTRY--TOPICAL TERM
Topical term or geographic name entry element Plasmas
9 (RLIN) 1898
700 ## - ADDED ENTRY--PERSONAL NAME
Personal name Sturrock, P. A., ed.
9 (RLIN) 5569
710 ## - ADDED ENTRY--CORPORATE NAME
Corporate name or jurisdiction name as entry element Italian Physical Society
942 ## - ADDED ENTRY ELEMENTS (KOHA)
Koha item type Books
Holdings
Withdrawn status Lost status Damaged status Not for loan Home library Current library Shelving location Date acquired Cost, normal purchase price Total Checkouts Full call number Barcode Date last seen Cost, replacement price Price effective from Koha item type Purchase Price
        IIA Library-Bangalore IIA Library-Bangalore General Stacks 28/11/1968 140.40   063:53/ ENF-39.1 3488 05/11/2021 140.40 28/11/1968 Books Rs. 140.40

Powered by Koha